| 000 | 00551nam a22001817a 4500 | ||
|---|---|---|---|
| 999 |
_c19384 _d19384 |
||
| 003 | AR-CdUCM | ||
| 008 | 190517b ||||| |||| 00| 0 eng d | ||
| 020 | _a958-642-013-2 | ||
| 040 |
_aMUNICIPALIDAD PROVINCIAL DEL CUSCO _cBIBLIOTECA MUNICIPAL DEL CUSCO |
||
| 082 |
_a036 / _bG3 |
||
| 245 | _aGran diccionario enciclopédico ilustrado Encas / | ||
| 260 |
_aLima : _bOsiris, _c1990. |
||
| 300 |
_a1744 paginas ; _c20 cm. |
||
| 505 | _aContenido :Diccionarios / | ||
| 650 |
_aDiccionarios _95105 |
||
| 942 |
_2ddc _cLIBROS |
||
| 945 |
_arjall _d2019-05-17 |
||